Návrh a implementácia Kalmanovho filtra

Guardado en:
Detalles Bibliográficos
Autor principal: Pagáč, Vladimír (Autor)
Otros Autores: Gallo, Ondrej (Orientador)
Formato: Manuscrito Libro
Lenguaje:eslovaco
Publicado: 2017
Materias:
Acceso en línea:http://is.stuba.sk/zp/portal_zp.pl?podrobnosti=127411
Etiquetas: Agregar Etiqueta
Sin Etiquetas, Sea el primero en etiquetar este registro!

MARC

LEADER 00000ntm a22000003a 4500
001 stuzp60353
003 SK-STU
005 20170628114815.8
007 ta
008 150427s2015----xo-----f-mn---000-0-slo-d
040 |a STU  |b slo 
041 0 |a slo 
044 |a xo 
100 1 |a Pagáč, Vladimír  |u 035000  |4 aut  |U FEI Fakulta elektrotechniky a informatiky  |T FEI Ústav informatiky a matematiky  |X 53968  |U E050  |Y 816  |7 53968 
242 0 1 |a Design and implementation of Kalman filter  |y eng 
245 1 0 |a Návrh a implementácia Kalmanovho filtra 
260 |c 2017 
300 |a 58 s.,  |b CD-ROM 
650 4 |a Kalmanov filter  |2 slo 
650 4 |a Arduino  |2 slo 
650 4 |a Senzorika  |2 slo 
650 4 |a Digitálny signál  |2 slo 
650 4 |a Filtrovanie signálu  |2 slo 
650 4 |a Hammingovo okno  |2 slo 
650 4 |a Kalman filtering  |2 eng 
650 4 |a Signal filtering  |2 eng 
650 4 |a Hamming window  |2 eng 
650 4 |a Arduino  |2 eng 
650 4 |a Sensoring  |2 eng 
650 4 |a Digital signal  |2 eng 
700 1 |a Gallo, Ondrej  |u 035000  |k Z1  |4 ths  |U FEI Fakulta elektrotechniky a informatiky  |T FEI Ústav informatiky a matematiky  |X 27473  |U E050  |Y 816  |7 A000027473 
856 4 |u http://is.stuba.sk/zp/portal_zp.pl?podrobnosti=127411 
996 |b 284EP11662  |c E*DIPL- 11662  |l EE35  |s P  |a 0  |w stuzp60353_0001